| 000 | 00449 a2200157 4500 | ||
|---|---|---|---|
| 003 | NUST | ||
| 005 | 20230309185511.0 | ||
| 040 | _cNust | ||
| 082 | _a891.439,ZAH | ||
| 100 |
_aAbdul Samad Saram Alazhari _9110110 |
||
| 245 |
_aBooks Urdu Ilm e Arooz / اردو علم عروض (Urdu) / _cAbdul Samad Saram Alazhari |
||
| 260 |
_aLahore _bMaktaba Moin ul Adab _c1991 |
||
| 300 | _a64 p.; | ||
| 650 | _2Urdu Literature | ||
| 942 |
_2ddc _cBK _k891.439,ZAH |
||
| 999 |
_c194162 _d194162 |
||